Komentár k zákonu o odpadoch s vykonávacími a súvisiacimi predpismi

Salvato in:
Dettagli Bibliografici
Natura: Libro
Lingua:slovacco
Pubblicazione: Bratislava EPOS 2003
Soggetti:
Tags: Aggiungi Tag
Nessun Tag, puoi essere il primo ad aggiungerne!!

MARC

LEADER 00000nam^a2200000^^^4500
001 0011684
005 20240104094952.9
020 |a 80-8057-522-3 
041 0 |a slo 
044 |a SK 
245 1 0 |a Komentár k zákonu o odpadoch s vykonávacími a súvisiacimi predpismi 
264 1 |a Bratislava  |b EPOS  |c 2003 
300 |a 638 s. 
610 2 0 |a hospodárstvo odpadové 
610 2 0 |a prostredie životné 
610 2 0 |a predpisy právne 
610 2 0 |a odpad 
610 2 0 |a odpadky 
610 2 0 |a Slovensko 
610 2 0 |a legislatíva